Größte drei Städte jedes Landkreises in Nordrhein-Westfalen - Statistiken

Allgemein
  • Dieses Quiz wurde 302 mal gespielt
  • Das Durchschnittsergebnis liegt bei 45 aus 93
Antwortstatistiken
Kreis # Einwohner Stadt % Korrekt
Düren 1 91.814 Düren
90%
Borken 3 42.974 Borken
89%
Coesfeld 2 36.382 Coesfeld
88%
Gütersloh 1 101.158 Gütersloh
88%
Paderborn 1 152.531 Paderborn
88%
Siegen-Wittgenstein 1 101.516 Siegen
88%
Städteregion Aachen 1 249.070 Aachen
87%
Euskirchen 1 58.784 Euskirchen
87%
Herford 1 66.551 Herford
86%
Höxter 1 28.467 Höxter
86%
Kleve 1 52.470 Kleve
86%
Unna 2 58.911 Unna
86%
Minden-Lübbecke 1 81.857 Minden
85%
Recklinghausen 1 110.714 Recklinghausen
85%
Soest 2 47.929 Soest
85%
Heinsberg 2 42.888 Heinsberg
84%
Viersen 1 77.523 Viersen
84%
Rhein-Kreis Neuss 1 152.731 Neuss
83%
Olpe 2 24.677 Olpe
83%
Wesel 3 60.688 Wesel
82%
Warendorf 2 37.146 Warendorf
81%
Soest 1 68.007 Lippstadt
80%
Rheinisch-Bergischer Kreis 1 111.645 Bergisch Gladbach
78%
Märkischer Kreis 1 91.873 Iserlohn
67%
Wesel 1 103.725 Moers
64%
Lippe 1 73.969 Detmold
62%
Märkischer Kreis 2 71.230 Lüdenscheid
61%
Hochsauerlandkreis 1 73.423 Arnsberg
60%
Oberbergischer Kreis 1 51.126 Gummersbach
59%
Borken 1 71.074 Bocholt
58%
Unna 1 85.721 Lünen
58%
Recklinghausen 2 83.697 Marl
57%
Mettmann 1 86.424 Ratingen
57%
Ennepe-Ruhr-Kreis 1 95.107 Witten
57%
Steinfurt 1 76.947 Rheine
56%
Recklinghausen 3 75.343 Gladbeck
55%
Rhein-Sieg-Kreis 1 75.222 Troisdorf
54%
Wesel 2 67.114 Dinslaken
51%
Steinfurt 3 37.700 Greven
51%
Mettmann 2 81.593 Velbert
50%
Rhein-Erft-Kreis 2 61.807 Bergheim
45%
Düren 2 32.635 Jülich
45%
Gütersloh 2 48.714 Rheda-Wiedenbrück
44%
Warendorf 1 52.627 Ahlen
42%
Minden-Lübbecke 2 48.803 Bad Oeynhausen
42%
Rhein-Kreis Neuss 3 63.922 Grevenbroich
42%
Rhein-Erft-Kreis 1 66.294 Kerpen
42%
Unna 3 48.669 Bergkamen
41%
Städteregion Aachen 3 55.784 Eschweiler
41%
Ennepe-Ruhr-Kreis 2 54.061 Hattingen
41%
Rhein-Sieg-Kreis 2 55.563 Sankt Augustin
41%
Coesfeld 1 46.877 Dülmen
40%
Rhein-Kreis Neuss 2 64.553 Dormagen
39%
Lippe 3 40.345 Lemgo
39%
Hochsauerlandkreis 2 29.608 Meschede
38%
Heinsberg 1 43.492 Erkelenz
37%
Rhein-Erft-Kreis 3 60.034 Hürth
37%
Minden-Lübbecke 3 35.658 Porta Westfalica
37%
Städteregion Aachen 2 56.103 Stolberg
37%
Steinfurt 2 51.888 Ibbenbüren
36%
Märkischer Kreis 3 52.096 Menden (Sauerland)
36%
Lippe 2 54.074 Bad Salzuflen
34%
Borken 2 49.031 Gronau (Westf.)
33%
Mettmann 3 59.223 Langenfeld
33%
Soest 3 30.736 Werl
29%
Warendorf 3 36.737 Beckum
28%
Kleve 2 34.593 Goch
28%
Siegen-Wittgenstein 2 30.787 Kreuztal
28%
Ennepe-Ruhr-Kreis 3 30.669 Gevelsberg
27%
Viersen 2 50.133 Willich
27%
Herford 2 45.364 Bünde
24%
Kleve 3 33.733 Geldern
23%
Olpe 1 25.176 Lennestadt
23%
Rheinisch-Bergischer Kreis 3 28.712 Rösrath
23%
Euskirchen 3 20.597 Zülpich
23%
Viersen 3 42.508 Nettetal
22%
Höxter 2 22.953 Warburg
22%
Rheinisch-Bergischer Kreis 2 34.480 Wermelskirchen
21%
Olpe 3 24.207 Attendorn
20%
Euskirchen 2 28.327 Mechernich
20%
Rhein-Sieg-Kreis 3 48.435 Bornheim
19%
Paderborn 2 32.266 Delbrück
19%
Herford 3 39.977 Löhne
19%
Coesfeld 3 24.847 Lüdinghausen
19%
Hochsauerlandkreis 3 27.511 Sundern (Sauerland)
19%
Siegen-Wittgenstein 3 23.116 Netphen
18%
Oberbergischer Kreis 2 25.088 Wiehl
18%
Heinsberg 3 40.712 Hückelhoven
16%
Gütersloh 3 29.564 Rietberg
16%
Paderborn 3 25.040 Salzkotten
16%
Oberbergischer Kreis 3 21.952 Radevormwald
15%
Höxter 3 19.985 Bad Driburg
14%
Düren 3 17.463 Kreuzau
8%
Keine übereinstimmenden Quizze gefunden
Verteilung der Resultate
Anzahl Personen mit jedem Resultat
Perzentil nach korrekt beantworteten Fragen
Ihre Resultats-Entwicklung
Sie haben dieses Quiz noch nicht gespielt